लगाम (Record no. 433207)

MARC details
000 -LEADER
fixed length control field 00397nam a2200145Ia 4500
008 - FIXED-LENGTH DATA ELEMENTS--GENERAL INFORMATION
fixed length control field 100122s9999 xx 000 0 und d
082 ## - DEWEY DECIMAL CLASSIFICATION NUMBER
Item number 56865
Classification number 823.08
100 ## - MAIN ENTRY--PERSONAL NAME
Personal name गुंदेकर श्रीराम
245 ## - TITLE STATEMENT
Title लगाम
260 ## - PUBLICATION, DISTRIBUTION, ETC. (IMPRINT)
Name of publisher, distributor, etc दिलीपराज प्रकाशन
Date of publication, distribution, etc 1999
300 ## - PHYSICAL DESCRIPTION
Extent 204
630 ## - SUBJECT ADDED ENTRY--UNIFORM TITLE
Uniform title लगाम
730 ## - ADDED ENTRY--UNIFORM TITLE
Uniform title लगाम
942 ## - ADDED ENTRY ELEMENTS (KOHA)
Koha item type Book
Holdings
Withdrawn status Lost status Damaged status Not for loan Home library Current library Date acquired Cost, normal purchase price Total Checkouts Full call number Barcode Date last seen Cost, replacement price Price effective from Koha item type Public note
        S.V. Pathak Library, Vile Parle S.V. Pathak Library, Vile Parle 12/10/1999 160.00   56865 SVPPARLE-56865 01/25/2010 160.00 01/25/2010 Book General NA